000 00850nam a2200253Ia 4500
003 OSt
005 20220930091041.0
006 a|||||r|||| 00| 0
007 ta
008 220926b |||||||| |||| 00| 0 eng d
024 _a3415
037 _cTheses
040 _aCRL
_cCRL
_beng
041 _2eng
_aeng
100 _aMasrat Rashid
_9544590
110 _aUniversity of Delhi. Faculty of Medical Science. Department of Pharmacology
_9520164
245 0 _aEffect of tadalafil, ( a novel phosphodiesterase 5 inhibitor) on hypoxia induced pulmonary hypertension in rats
260 _c2010
650 _aPHARMACOLOGY
700 _a Kotwani Anita Gu.
_9544591
700 _aUniversity of Delhi. Faculty of Medical Science. Department of Pharmacology
_9520166
942 _cDIS
_2CC
999 _c881558
_d881558